Science General Knowledge But Each Answer Gets Longer - Statistics

General Stats
  • This quiz has been taken 71 times
  • The average score is 8 of 16
Answer Stats
Letters Question Answer % Correct
2 Starts with 3.14159 Pi
100%
5 An angle below 90° Acute
90%
3 Element with the symbol SN Tin
90%
4 Planet with frozen ice near its poles Mars
86%
7 The largest gas giant in the Solar Sytem Jupiter
84%
11 The study of the atmosphere and weather Meteorology
74%
13 What the T. in T.Rex stand for Tyrannosaurus
67%
8 A chemical messenger in the brain that is triggered during a pleasurable moment Dopamine
59%
16 What the DN in DNA stands for Deoxyribonucleic
43%
10 Element commonly found in you teeth and bones with the Atomic Number 15 Phosphorus
34%
12 The study of life in the universe Astrobiology
17%
9 The tendons in the back of you knee Hamstring
14%
19 A layer of hydrophilic heads and hydrophobic tails surrounding the cell Phospholipid Bilayer
10%
20 A network of membranes throughout a eukaryotic cell Endoplasmic Reticulum
7%
6 An unique gemstone often characterized by its rich colors and its association with the month February Jasper
3%
25 Oldest primate discovered that was a biped; Nicknamed Lucy Australopithecus Afarensis
2%
No matching quizzes found
Score Distribution
Percent of People with Each Score
Percentile by Number Answered
Your Score History
You have not taken this quiz